Can you name all 1,025 Pokemon? - Statistics

General Stats
  • This quiz has been taken 142 times
  • The average score is 241 of 1025
Answer Stats
Dex number Type(s) Pokémon % Correct
1 Grass Poison Bulbasaur
92%
4 Fire Charmander
89%
2 Grass Poison Ivysaur
89%
6 Fire Flying Charizard
85%
5 Fire Charmeleon
85%
7 Water Squirtle
82%
3 Grass Poison Venusaur
82%
9 Water Blastoise
80%
25 Electric Pikachu
79%
8 Water Wartortle
79%
10 Bug Caterpie
77%
26 Electric Raichu
76%
16 Normal Flying Pidgey
73%
12 Bug Flying Butterfree
71%
15 Bug Poison Beedrill
70%
11 Bug Metapod
70%
13 Bug Poison Weedle
70%
18 Normal Flying Pidgeot
68%
14 Bug Poison Kakuna
67%
17 Normal Flying Pidgeotto
67%
133 Normal Eevee
62%
74 Rock Ground Geodude
61%
151 Psychic Mew
61%
94 Ghost Poison Gengar
59%
35 Fairy Clefairy
58%
76 Rock Ground Golem
58%
150 Psychic Mewtwo
58%
19 Normal Rattata
58%
24 Poison Arbok
56%
51 Ground Dugtrio
56%
23 Poison Ekans
56%
22 Normal Flying Fearow
56%
75 Rock Ground Graveler
56%
39 Normal Fairy Jigglypuff
56%
34 Poison Ground Nidoking
56%
31 Poison Ground Nidoqueen
56%
29 | 32 Poison Nidoran
56%
21 Normal Flying Spearow
56%
65 Psychic Alakazam
55%
59 Fire Arcanine
55%
144 Ice Flying Articuno
55%
129 Water Magikarp
55%
146 Fire Flying Moltres
55%
20 Normal Raticate
55%
28 Ground Sandslash
55%
37 Fire Vulpix
55%
63 Psychic Abra
53%
36 Fairy Clefable
53%
50 Ground Diglett
53%
149 Dragon Flying Dragonite
53%
92 Ghost Poison Gastly
53%
93 Ghost Poison Haunter
53%
30 Poison Nidorina
53%
33 Poison Nidorino
53%
95 Rock Ground Onix
53%
134 Water Vaporeon
53%
145 Electric Flying Zapdos
53%
148 Dragon Dragonair
52%
136 Fire Flareon
52%
106 Fighting Hitmonlee
52%
135 Electric Jolteon
52%
64 Psychic Kadabra
52%
56 Fighting Mankey
52%
52 Normal Meowth
52%
38 Fire Ninetales
52%
46 Bug Grass Paras
52%
77 Fire Ponyta
52%
40 Normal Fairy Wigglytuff
52%
147 Dragon Dratini
50%
44 Grass Poison Gloom
50%
42 Poison Flying Golbat
50%
130 Water Flying Gyarados
50%
47 Bug Grass Parasect
50%
54 Water Psyduck
50%
78 Fire Rapidash
50%
27 Ground Sandshrew
50%
49 Bug Poison Venomoth
50%
48 Bug Poison Venonat
50%
41 Poison Flying Zubat
50%
107 Fighting Hitmonchan
48%
43 Grass Poison Oddish
48%
53 Normal Persian
48%
172 Electric Pichu
48%
61 Water Poliwhirl
48%
45 Grass Poison Vileplume
48%
55 Water Golduck
47%
58 Fire Growlithe
47%
66 Fighting Machop
47%
69 Grass Poison Bellsprout
45%
125 Electric Electabuzz
45%
68 Fighting Machamp
45%
67 Fighting Machoke
45%
81 Electric Steel Magnemite
45%
82 Electric Steel Magneton
45%
60 Water Poliwag
45%
700 Fairy Sylveon
45%
142 Rock Flying Aerodactyl
44%
101 Electric Electrode
44%
89 Poison Muk
44%
86 Water Seel
44%
120 Water Staryu
44%
73 Water Poison Tentacruel
44%
197 Dark Umbreon
44%
84 Normal Flying Doduo
42%
124 Ice Psychic Jynx
42%
140 Rock Water Kabuto
42%
109 Poison Koffing
42%
62 Water Fighting Poliwrath
42%
72 Water Poison Tentacool
42%
110 Poison Weezing
42%
141 Rock Water Kabutops
41%
57 Fighting Primeape
41%
123 Bug Flying Scyther
41%
119 Water Seaking
41%
121 Water Psychic Starmie
41%
87 Water Ice Dewgong
39%
85 Normal Flying Dodrio
39%
383 Ground Groudon
39%
131 Water Ice Lapras
39%
126 Fire Magmar
39%
80 Water Psychic Slowbro
39%
143 Normal Snorlax
39%
158 Water Totodile
39%
100 Electric Voltorb
39%
70 Grass Poison Weepinbell
39%
152 Grass Chikorita
38%
132 Normal Ditto
38%
239 Electric Elekid
38%
196 Psychic Espeon
38%
103 Grass Psychic Exeggutor
38%
83 Normal Flying Farfetch’d
38%
118 Water Goldeen
38%
88 Poison Grimer
38%
470 Grass Leafeon
38%
154 Grass Meganium
38%
139 Rock Water Omastar
38%
79 Water Psychic Slowpoke
38%
208 Steel Ground Steelix
38%
128 Normal Tauros
38%
113 Normal Chansey
36%
169 Poison Flying Crobat
36%
102 Grass Psychic Exeggcute
36%
471 Ice Glaceon
36%
250 Fire Flying Ho-Oh
36%
116 Water Horsea
36%
725 Fire Litten
36%
122 Psychic Fairy Mr. Mime
36%
138 Rock Water Omanyte
36%
384 Dragon Flying Rayquaza
36%
111 Ground Rock Rhyhorn
36%
255 Fire Torchic
36%
71 Grass Poison Victreebel
36%
91 Water Ice Cloyster
35%
155 Fire Cyndaquil
35%
282 Psychic Fairy Gardevoir
35%
392 Fire Fighting Infernape
35%
249 Psychic Flying Lugia
35%
462 Electric Steel Magnezone
35%
127 Bug Pinsir
35%
137 Normal Porygon
35%
156 Fire Quilava
35%
379 Steel Registeel
35%
112 Ground Rock Rhydon
35%
117 Water Seadra
35%
90 Water Shellder
35%
252 Grass Treecko
35%
390 Fire Chimchar
33%
173 Fairy Cleffa
33%
104 Ground Cubone
33%
115 Normal Kangaskhan
33%
382 Water Kyogre
33%
258 Water Mudkip
33%
393 Water Piplup
33%
378 Ice Regice
33%
377 Rock Regirock
33%
212 Bug Steel Scizor
33%
498 Fire Tepig
33%
157 Fire Typhlosion
33%
644 Dragon Electric Zekrom
33%
153 Grass Bayleef
32%
256 Fire Fighting Combusken
32%
159 Water Croconaw
32%
483 Steel Dragon Dialga
32%
96 Psychic Drowzee
32%
244 Fire Entei
32%
160 Water Feraligatr
32%
658 Water Dark Greninja
32%
253 Grass Grovyle
32%
237 Fighting Hitmontop
32%
97 Psychic Hypno
32%
174 Normal Fairy Igglybuff
32%
230 Water Dragon Kingdra
32%
240 Fire Magby
32%
467 Fire Magmortar
32%
280 Psychic Fairy Ralts
32%
486 Normal Regigigas
32%
254 Grass Sceptile
32%
398 Normal Flying Staraptor
32%
396 Normal Flying Starly
32%
114 Grass Tangela
32%
176 Fairy Flying Togetic
32%
389 Grass Ground Torterra
32%
371 Dragon Bagon
30%
257 Fire Fighting Blaziken
30%
386 Psychic Deoxys
30%
395 Water Steel Empoleon
30%
656 Water Froakie
30%
162 Normal Furret
30%
487 Ghost Dragon Giratina
30%
163 Normal Flying Hoothoot
30%
727 Fire Dark Incineroar
30%
385 Steel Psychic Jirachi
30%
281 Psychic Fairy Kirlia
30%
448 Fighting Steel Lucario
30%
792 Psychic Ghost Lunala
30%
105 Ground Marowak
30%
376 Steel Psychic Metagross
30%
484 Water Dragon Palkia
30%
643 Dragon Fire Reshiram
30%
495 Grass Snivy
30%
397 Normal Flying Staravia
30%
245 Water Suicune
30%
175 Fairy Togepi
30%
387 Grass Turtwig
30%
717 Dark Flying Yveltal
30%
718 Dragon Ground Zygarde
30%
491 Dark Darkrai
29%
466 Electric Electivire
29%
500 Fire Fighting Emboar
29%
99 Water Kingler
29%
98 Water Krabby
29%
646 Dragon Ice Kyurem
29%
381 Dragon Psychic Latios
29%
391 Fire Fighting Monferno
29%
501 Water Oshawott
29%
474 Normal Porygon-Z
29%
243 Electric Raikou
29%
447 Fighting Riolu
29%
813 Fire Scorbunny
29%
492 Grass Shaymin
29%
227 Steel Flying Skarmory
29%
199 Water Psychic Slowking
29%
791 Psychic Steel Solgaleo
29%
468 Fairy Flying Togekiss
29%
726 Fire Torracat
29%
716 Fairy Xerneas
29%
493 Normal Arceus
27%
184 Water Fairy Azumarill
27%
242 Normal Blissey
27%
251 Psychic Grass Celebi
27%
444 Dragon Ground Gabite
27%
475 Psychic Fighting Gallade
27%
445 Dragon Ground Garchomp
27%
443 Dragon Ground Gible
27%
380 Dragon Psychic Latias
27%
259 Water Ground Marshtomp
27%
164 Normal Flying Noctowl
27%
279 Water Flying Pelipper
27%
728 Water Popplio
27%
233 Normal Porygon2
27%
394 Water Prinplup
27%
373 Dragon Flying Salamence
27%
161 Normal Sentret
27%
497 Grass Serperior
27%
238 Ice Psychic Smoochum
27%
363 Ice Water Spheal
27%
260 Water Ground Swampert
27%
721 Fire Water Volcanion
27%
278 Water Flying Wingull
27%
306 Steel Rock Aggron
26%
374 Steel Psychic Beldum
26%
182 Grass Bellossom
26%
406 Grass Poison Budew
26%
653 Fire Fennekin
26%
388 Grass Grotle
26%
701 Fighting Flying Hawlucha
26%
229 Dark Fire Houndoom
26%
992 Fighting Electric Iron Hands
26%
171 Water Electric Lanturn
26%
404 Electric Luxio
26%
809 Steel Melmetal
26%
808 Steel Meltan
26%
350 Water Milotic
26%
241 Normal Miltank
26%
200 Ghost Misdreavus
26%
446 Normal Munchlax
26%
177 Psychic Flying Natu
26%
290 Bug Ground Nincada
26%
291 Bug Flying Ninjask
26%
714 Flying Dragon Noibat
26%
186 Water Politoed
26%
895 Dragon Regidrago
26%
479 Electric Ghost Rotom
26%
722 Grass Flying Rowlet
26%
273 Grass Seedot
26%
372 Dragon Shelgon
26%
403 Electric Shinx
26%
215 Dark Ice Sneasel
26%
277 Normal Flying Swellow
26%
276 Normal Flying Taillow
26%
357 Grass Flying Tropius
26%
248 Rock Dark Tyranitar
26%
236 Fighting Tyrogue
26%
494 Psychic Fire Victini
26%
461 Dark Ice Weavile
26%
178 Psychic Flying Xatu
26%
193 Bug Flying Yanma
26%
469 Bug Flying Yanmega
26%
359 Dark Absol
24%
334 Dragon Flying Altaria
24%
698 Rock Ice Amaura
24%
348 Rock Bug Armaldo
24%
304 Steel Rock Aron
24%
267 Bug Flying Beautifly
24%
400 Normal Water Bibarel
24%
399 Normal Bidoof
24%
268 Bug Cascoon
24%
344 Ground Psychic Claydol
24%
724 Grass Ghost Decidueye
24%
502 Water Dewott
24%
269 Bug Poison Dustox
24%
309 Electric Electrike
24%
890 Poison Dragon Eternatus
24%
669 Fairy Flabébé
24%
657 Water Frogadier
24%
478 Ice Ghost Froslass
24%
362 Ice Glalie
24%
485 Fire Steel Heatran
24%
214 Bug Fighting Heracross
24%
228 Dark Fire Houndour
24%
818 Water Inteleon
24%
189 Grass Flying Jumpluff
24%
166 Bug Flying Ledian
24%
165 Bug Flying Ledyba
24%
108 Normal Lickitung
24%
345 Rock Grass Lileep
24%
271 Water Grass Lombre
24%
270 Water Grass Lotad
24%
272 Water Grass Ludicolo
24%
405 Electric Luxray
24%
226 Water Flying Mantine
24%
183 Water Fairy Marill
24%
375 Steel Psychic Metang
24%
262 Dark Mightyena
24%
715 Flying Dragon Noivern
24%
499 Fire Fighting Pignite
24%
261 Dark Poochyena
24%
247 Rock Ground Pupitar
24%
814 Fire Raboot
24%
894 Electric Regieleki
24%
503 Water Samurott
24%
292 Bug Ghost Shedinja
24%
266 Bug Silcoon
24%
188 Grass Flying Skiploom
24%
289 Normal Slaking
24%
361 Ice Snorunt
24%
442 Ghost Dark Spiritomb
24%
785 Electric Fairy Tapu Koko
24%
194 Water Ground Wooper
24%
265 Bug Wurmple
24%
263 Normal Zigzagoon
24%
460 Grass Ice Abomasnow
23%
181 Electric Ampharos
23%
347 Rock Bug Anorith
23%
840 Grass Dragon Applin
23%
168 Bug Poison Ariados
23%
298 Normal Fairy Azurill
23%
729 Water Brionne
23%
652 Grass Fighting Chesnaught
23%
650 Grass Chespin
23%
170 Water Electric Chinchou
23%
815 Fire Cinderace
23%
638 Steel Fighting Cobalion
23%
346 Rock Grass Cradily
23%
488 Psychic Cresselia
23%
723 Grass Flying Dartrix
23%
702 Electric Fairy Dedenne
23%
655 Fire Psychic Delphox
23%
719 Rock Fairy Diancie
23%
295 Normal Exploud
23%
349 Water Feebas
23%
661 Normal Flying Fletchling
23%
330 Ground Dragon Flygon
23%
909 Fire Fuecoco
23%
203 Normal Psychic Girafarig
23%
210 Fairy Granbull
23%
810 Grass Grookey
23%
720 Psychic Ghost Hoopa
23%
305 Steel Rock Lairon
23%
246 Rock Ground Larvitar
23%
264 Normal Linoone
23%
337 Rock Psychic Lunatone
23%
219 Fire Rock Magcargo
23%
458 Water Flying Mantyke
23%
179 Electric Mareep
23%
308 Fighting Psychic Medicham
23%
307 Fighting Psychic Meditite
23%
429 Ghost Mismagius
23%
198 Dark Flying Murkrow
23%
274 Grass Dark Nuzleaf
23%
519 Normal Flying Pidove
23%
221 Ice Ground Piloswine
23%
730 Water Fairy Primarina
23%
211 Water Poison Qwilfish
23%
812 Grass Rillaboom
23%
364 Ice Water Sealeo
23%
275 Grass Dark Shiftry
23%
285 Grass Shroomish
23%
287 Normal Slakoth
23%
218 Fire Slugma
23%
167 Bug Poison Spinarak
23%
333 Normal Flying Swablu
23%
786 Psychic Fairy Tapu Lele
23%
216 Normal Teddiursa
23%
697 Rock Dragon Tyrantrum
23%
521 Normal Flying Unfezant
23%
217 Normal Ursaring
23%
288 Normal Vigoroth
23%
640 Grass Fighting Virizion
23%
320 Water Wailmer
23%
321 Water Wailord
23%
888 Fairy Zacian
23%
889 Fighting Zamazenta
23%
699 Rock Ice Aurorus
21%
610 Dragon Axew
21%
343 Ground Psychic Baltoy
21%
354 Ghost Banette
21%
654 Fire Braixen
21%
286 Grass Fighting Breloom
21%
415 Bug Flying Combee
21%
222 Water Rock Corsola
21%
356 Ghost Dusclops
21%
355 Ghost Duskull
21%
180 Electric Flaaffy
21%
662 Fire Flying Fletchinder
21%
207 Ground Flying Gligar
21%
472 Ground Flying Gliscor
21%
706 Dragon Goodra
21%
440 Normal Happiny
21%
187 Grass Flying Hoppip
21%
647 Water Fighting Keldeo
21%
900 Bug Rock Kleavor
21%
607 Ghost Fire Litwick
21%
801 Steel Fairy Magearna
21%
473 Ice Ground Mamoswine
21%
490 Water Manaphy
21%
284 Bug Flying Masquerain
21%
312 Electric Minun
21%
800 Psychic Necrozma
21%
224 Water Octillery
21%
513 Fire Pansear
21%
489 Water Phione
21%
731 Normal Flying Pikipek
21%
204 Bug Pineco
21%
195 Water Ground Quagsire
21%
651 Grass Quilladin
21%
409 Rock Rampardos
21%
464 Ground Rock Rhyperior
21%
407 Grass Poison Roserade
21%
551 Ground Dark Sandile
21%
496 Grass Servine
21%
319 Water Dark Sharpedo
21%
338 Rock Psychic Solrock
21%
906 Grass Sprigatito
21%
185 Rock Sudowoodo
21%
192 Grass Sunflora
21%
283 Bug Water Surskit
21%
220 Ice Ground Swinub
21%
663 Fire Flying Talonflame
21%
787 Grass Fairy Tapu Bulu
21%
788 Water Fairy Tapu Fini
21%
639 Rock Fighting Terrakion
21%
777 Electric Steel Togedemaru
21%
733 Normal Flying Toucannon
21%
520 Normal Flying Tranquill
21%
696 Rock Dragon Tyrunt
21%
416 Bug Flying Vespiquen
21%
365 Ice Water Walrein
21%
807 Electric Zeraora
21%
713 Ice Avalugg
20%
411 Rock Steel Bastiodon
20%
794 Bug Fighting Buzzwole
20%
323 Fire Ground Camerupt
20%
317 Water Dark Carvanha
20%
609 Ghost Fire Chandelure
20%
789 Psychic Cosmog
20%
408 Rock Cranidos
20%
301 Normal Delcatty
20%
232 Ground Donphan
20%
603 Electric Eelektrik
20%
604 Electric Eelektross
20%
841 Grass Dragon Flapple
20%
670 Fairy Floette
20%
671 Fairy Florges
20%
596 Bug Electric Galvantula
20%
704 Dragon Goomy
20%
430 Dark Flying Honchkrow
20%
635 Dark Dragon Hydreigon
20%
686 Dark Psychic Inkay
20%
595 Bug Electric Joltik
20%
552 Ground Dark Krokorok
20%
645 Ground Flying Landorus
20%
506 Normal Lillipup
20%
294 Normal Loudred
20%
370 Water Luvdisc
20%
745 Rock Lycanroc
20%
439 Psychic Fairy Mime Jr.
20%
414 Bug Flying Mothim
20%
866 Ice Psychic Mr. Rime
20%
299 Rock Nosepass
20%
511 Grass Pansage
20%
231 Ground Phanpy
20%
311 Electric Plusle
20%
432 Normal Purugly
20%
315 Grass Poison Roselia
20%
302 Dark Ghost Sableye
20%
664 Bug Scatterbug
20%
540 Bug Grass Sewaddle
20%
213 Bug Rock Shuckle
20%
353 Ghost Shuppet
20%
300 Normal Skitty
20%
903 Poison Fighting Sneasler
20%
459 Grass Ice Snover
20%
209 Fairy Snubbull
20%
618 Ground Electric Stunfisk
20%
191 Grass Sunkern
20%
642 Electric Flying Thundurus
20%
732 Normal Flying Trumbeak
20%
201 Psychic Unown
20%
901 Ground Normal Ursaluna
20%
480 Psychic Uxie
20%
543 Bug Poison Venipede
20%
329 Ground Dragon Vibrava
20%
340 Water Ground Whiscash
20%
335 Normal Zangoose
20%
842 Grass Dragon Appletun
18%
712 Ice Bergmite
18%
412 Bug Burmy
18%
703 Rock Fairy Carbink
18%
433 Psychic Chingling
18%
823 Flying Steel Corviknight
18%
633 Dark Dragon Deino
18%
1011 Grass Dragon Dipplin
18%
425 Ghost Flying Drifloon
18%
578 Psychic Duosion
18%
477 Ghost Dusknoir
18%
905 Fairy Flying Enamorus
18%
677 Psychic Espurr
18%
981 Normal Psychic Farigiraf
18%
205 Bug Steel Forretress
18%
649 Bug Steel Genesect
18%
431 Normal Glameow
18%
1019 Grass Dragon Hydrapple
18%
995 Rock Electric Iron Thorns
18%
1006 Fairy Fighting Iron Valiant
18%
798 Grass Steel Kartana
18%
707 Steel Fairy Klefki
18%
542 Bug Grass Leavanny
18%
667 Fire Normal Litleo
18%
310 Electric Manectric
18%
303 Steel Fairy Mawile
18%
648 Normal Psychic Meloetta
18%
804 Poison Dragon Naganadel
18%
793 Rock Poison Nihilego
18%
862 Dark Normal Obstagoon
18%
741 Varies Flying Oricorio
18%
904 Dark Poison Overqwil
18%
675 Fighting Dark Pangoro
18%
515 Water Panpour
18%
803 Poison Poipole
18%
476 Rock Steel Probopass
18%
369 Water Rock Relicanth
18%
223 Water Remoraid
18%
744 Rock Rockruff
18%
545 Bug Poison Scolipede
18%
336 Poison Seviper
18%
516 Water Simipour
18%
512 Grass Simisage
18%
514 Fire Simisear
18%
577 Psychic Solosis
18%
234 Normal Stantler
18%
532 Fighting Timburr
18%
454 Poison Fighting Toxicroak
18%
328 Ground Trapinch
18%
892 Fighting Dark Urshifu
18%
738 Bug Electric Vikavolt
18%
637 Bug Fire Volcarona
18%
544 Bug Poison Whirlipede
18%
413 Bug Varies Wormadam
18%
899 Normal Psychic Wyrdeer
18%
681 Steel Ghost Aegislash
17%
979 Fighting Ghost Annihilape
17%
752 Water Bug Araquanid
17%
566 Rock Flying Archen
17%
567 Rock Flying Archeops
17%
531 Normal Audino
17%
482 Psychic Azelf
17%
614 Ice Beartic
17%
522 Electric Blitzle
17%
436 Steel Psychic Bronzor
17%
797 Steel Flying Celesteela
17%
358 Psychic Chimecho
17%
366 Water Clamperl
17%
980 Poison Ground Clodsire
17%
764 Fairy Comfey
17%
790 Psychic Cosmoem
17%
546 Grass Fairy Cottonee
17%
740 Fighting Ice Crabominable
17%
742 Bug Fairy Cutiefly
17%
225 Ice Flying Delibird
17%
751 Water Bug Dewpider
17%
660 Normal Ground Diggersby
17%
780 Normal Dragon Drampa
17%
632 Bug Steel Durant
17%
587 Electric Flying Emolga
17%
597 Grass Steel Ferroseed
17%
598 Grass Steel Ferrothorn
17%
423 Water Ground Gastrodon
17%
622 Ground Ghost Golett
17%
768 Bug Water Golisopod
17%
623 Ground Ghost Golurk
17%
574 Psychic Gothita
17%
576 Psychic Gothitelle
17%
316 Poison Gulpin
17%
799 Dark Dragon Guzzlord
17%
297 Fighting Hariyama
17%
612 Dragon Haxorus
17%
631 Fire Heatmor
17%
507 Normal Herdier
17%
314 Bug Illumise
17%
1022 Rock Psychic Iron Boulder
17%
600 Steel Klang
17%
1007 Fighting Dragon Koraidon
17%
401 Bug Kricketot
17%
402 Bug Kricketune
17%
553 Ground Dark Krookodile
17%
891 Fighting Kubfu
17%
636 Bug Fire Larvesta
17%
463 Normal Lickilicky
17%
296 Fighting Makuhita
17%
687 Dark Psychic Malamar
17%
802 Fighting Ghost Marshadow
17%
908 Grass Dark Meowscarada
17%
517 Psychic Munna
17%
322 Fire Ground Numel
17%
765 Normal Psychic Oranguru
17%
674 Fighting Pancham
17%
504 Normal Patrat
17%
863 Steel Perrserker
17%
795 Bug Fighting Pheromosa
17%
855 Ghost Polteageist
17%
710 Ghost Grass Pumpkaboo
17%
668 Fire Normal Pyroar
17%
912 Water Quaxly
17%
821 Flying Rookidee
17%
757 Poison Fire Salandit
17%
539 Fighting Sawk
17%
422 Water Shellos
17%
410 Rock Steel Shieldon
17%
854 Ghost Sinistea
17%
690 Poison Water Skrelp
17%
435 Poison Dark Skuntank
17%
235 Normal Smeargle
17%
872 Ice Bug Snom
17%
816 Water Sobble
17%
665 Bug Spewpa
17%
434 Poison Dark Stunky
17%
541 Bug Grass Swadloon
17%
465 Grass Tangrowth
17%
538 Fighting Throh
17%
324 Fire Torkoal
17%
641 Flying Tornadus
17%
602 Electric Tynamo
17%
505 Normal Watchog
17%
293 Normal Whismur
17%
767 Bug Water Wimpod
17%
202 Psychic Wobbuffet
17%
527 Psychic Flying Woobat
17%
360 Psychic Wynaut
17%
796 Electric Xurkitree
17%
562 Ghost Yamask
17%
734 Normal Yungoos
17%
893 Dark Grass Zarude
17%
634 Dark Dragon Zweilous
17%
190 Normal Aipom
15%
594 Water Alomomola
15%
424 Normal Ambipom
15%
846 Water Arrokuda
15%
339 Water Ground Barboach
15%
550 Water Basculin
15%
760 Normal Fighting Bewear
15%
688 Rock Water Binacle
15%
625 Dark Steel Bisharp
15%
806 Fire Ghost Blacephalon
15%
525 Rock Boldore
15%
628 Normal Flying Braviary
15%
437 Steel Psychic Bronzong
15%
418 Water Buizel
15%
659 Normal Bunnelby
15%
331 Grass Cacnea
15%
332 Grass Dark Cacturne
15%
898 Psychic Grass Calyrex
15%
565 Water Rock Carracosta
15%
737 Bug Electric Charjabug
15%
534 Fighting Conkeldurr
15%
739 Fighting Crabrawler
15%
453 Poison Fighting Croagunk
15%
613 Ice Cubchoo
15%
864 Ghost Cursola
15%
680 Steel Ghost Doublade
15%
882 Water Dragon Dracovish
15%
691 Poison Dragon Dragalge
15%
887 Dragon Ghost Dragapult
15%
885 Dragon Ghost Dreepy
15%
426 Ghost Flying Drifblim
15%
529 Ground Drilbur
15%
621 Dragon Druddigon
15%
580 Water Flying Ducklett
15%
557 Bug Rock Dwebble
15%
530 Ground Steel Excadrill
15%
419 Water Floatzel
15%
611 Dragon Fraxure
15%
592 Water Ghost Frillish
15%
896 Ice Glastrier
15%
368 Water Gorebyss
15%
533 Fighting Gurdurr
15%
695 Electric Normal Heliolisk
15%
694 Electric Normal Helioptile
15%
450 Ground Hippowdon
15%
679 Steel Ghost Honedge
15%
367 Water Huntail
15%
1010 Grass Psychic Iron Leaves
15%
782 Dragon Jangmo-o
15%
593 Water Ghost Jellicent
15%
352 Normal Kecleon
15%
599 Steel Klink
15%
601 Steel Klinklang
15%
510 Dark Liepard
15%
678 Psychic Meowstic
15%
481 Psychic Mesprit
15%
778 Ghost Fairy Mimikyu
15%
1008 Electric Dragon Miraidon
15%
1017 Grass Ogerpon
15%
826 Bug Psychic Orbeetle
15%
417 Electric Pachirisu
15%
624 Dark Steel Pawniard
15%
708 Ghost Grass Phantump
15%
913 Water Quaxwell
15%
579 Psychic Reuniclus
15%
743 Bug Fairy Ribombee
15%
627 Normal Flying Rufflet
15%
758 Poison Fire Salazzle
15%
769 Ghost Ground Sandygast
15%
537 Water Ground Seismitoad
15%
865 Fighting Sirfetch'd
15%
705 Dragon Sliggoo
15%
327 Normal Spinda
15%
325 Psychic Spoink
15%
317 Poison Swalot
15%
581 Water Flying Swanna
15%
528 Psychic Flying Swoobat
15%
811 Grass Thwackey
15%
949 Ground Grass Toedscruel
15%
848 Electric Poison Toxel
15%
849 Electric Poison Toxtricity
15%
709 Ghost Grass Trevenant
15%
535 Water Tympole
15%
772 Normal Type: Null
15%
583 Ice Vanillish
15%
582 Ice Vanillite
15%
584 Ice Vanilluxe
15%
666 Bug Flying Vivillon
15%
313 Bug Volbeat
15%
523 Electric Zebstrika
15%
570 Dark Zorua
15%
617 Bug Accelgor
14%
883 Water Ice Arctovish
14%
881 Electric Ice Arctozolt
14%
683 Fairy Aromatisse
14%
689 Rock Water Barbaracle
14%
824 Bug Blipbug
14%
438 Rock Bonsly
14%
761 Grass Bounsweet
14%
351 Normal Castform
14%
420 Grass Cherubi
14%
693 Water Clawitzer
14%
839 Rock Fire Coalossal
14%
341 Water Corphish
14%
845 Flying Water Cramorant
14%
342 Water Dark Crawdaunt
14%
558 Bug Rock Crustle
14%
585 Normal Grass Deerling
14%
781 Ghost Grass Dhelmise
14%
452 Poison Dark Drapion
14%
817 Water Drizzile
14%
206 Normal Dunsparce
14%
456 Water Finneon
14%
526 Rock Gigalith
14%
575 Psychic Gothorita
14%
711 Ghost Grass Gourgeist
14%
984 Ground Fighting Great Tusk
14%
820 Normal Greedent
14%
861 Dark Fairy Grimmsnarl
14%
736 Bug Grubbin
14%
326 Psychic Grumpig
14%
735 Normal Gumshoos
14%
783 Dragon Fighting Hakamo-o
14%
449 Ground Hippopotas
14%
859 Dark Fairy Impidimp
14%
1023 Steel Psychic Iron Crown
14%
588 Bug Karrablast
14%
784 Dragon Fighting Kommo-o
14%
608 Ghost Fire Lampent
14%
915 Normal Lechonk
14%
920 Bug Dark Lokix
14%
428 Normal Lopunny
14%
457 Water Lumineon
14%
630 Dark Flying Mandibuzz
14%
556 Grass Maractus
14%
747 Poison Water Mareanie
14%
860 Dark Fairy Morgrem
14%
518 Psychic Musharna
14%
770 Ghost Ground Palossand
14%
536 Water Ground Palpitoad
14%
766 Fighting Passimian
14%
921 Electric Pawmi
14%
922 Electric Fighting Pawmo
14%
923 Electric Fighting Pawmot
14%
548 Grass Petilil
14%
509 Dark Purrloin
14%
524 Rock Roggenrola
14%
837 Rock Rolycoly
14%
744 Ground Sandaconda
14%
586 Normal Grass Sawsbuck
14%
561 Psychic Flying Sigilyph
14%
1013 Grass Ghost Sinistcha
14%
911 Fire Ghost Skeledirge
14%
451 Poison Bug Skorupi
14%
819 Normal Skwovet
14%
897 Ghost Spectrier
14%
805 Rock Steel Stakataka
14%
508 Normal Stoutland
14%
759 Normal Fighting Stufful
14%
948 Ground Grass Toedscool
14%
748 Poison Water Toxapex
14%
763 Grass Tsareena
14%
776 Fire Dragon Turtonator
14%
629 Dark Flying Vullaby
14%
547 Grass Fairy Whimsicott
14%
960 Water Wiglett
14%
961 Water Wugtrio
14%
835 Electric Yamper
14%
591 Grass Poison Amoonguss
12%
936 Fire Psychic Armarouge
12%
847 Water Barraskewda
12%
902 Water Ghost Basculegion
12%
626 Normal Bouffalant
12%
779 Water Psychic Bruxish
12%
838 Rock Fire Carkol
12%
455 Grass Carnivine
12%
937 Fire Ghost Ceruledge
12%
421 Grass Cherrim
12%
692 Water Clauncher
12%
563 Ghost Cofagrigus
12%
822 Flying Corvisquire
12%
910 Fire Crocalor
12%
615 Ice Cryogonal
12%
880 Electric Dragon Dracozolt
12%
886 Dragon Ghost Drakloak
12%
834 Water Rock Drednaw
12%
832 Normal Dubwool
12%
982 Normal Dudunsparce
12%
875 Ice Eiscue
12%
605 Psychic Elgyem
12%
589 Bug Steel Escavalier
12%
907 Grass Floragato
12%
987 Ghost Fairy Flutter Mane
12%
590 Grass Poison Foongus
12%
873 Ice Bug Frosmoth
12%
569 Poison Garbodor
12%
993 Dark Flying Iron Jugulis
12%
994 Fire Poison Iron Moth
12%
990 Ground Steel Iron Treads
12%
941 Electric Flying Kilowattrel
12%
983 Dark Steel Kingambit
12%
549 Grass Lilligant
12%
774 Rock Flying Minior
12%
755 Grass Fairy Morelull
12%
749 Ground Mudbray
12%
750 Ground Mudsdale
12%
932 Rock Nacli
12%
919 Bug Nymble
12%
1012 Grass Ghost Poltchageist
12%
914 Water Fighting Quaquaval
12%
1021 Electric Dragon Raging Bolt
12%
560 Dark Fighting Scrafty
12%
559 Dark Fighting Scraggy
12%
616 Bug Shelmet
12%
756 Grass Fairy Shiinotic
12%
843 Ground Silicobra
12%
685 Fairy Slurpuff
12%
918 Bug Spidops
12%
682 Fairy Spritzee
12%
762 Grass Steenee
12%
874 Rock Stonjourner
12%
917 Bug Tarountula
12%
564 Water Rock Tirtouga
12%
568 Poison Trubbish
12%
1009 Water Dragon Walking Wake
12%
940 Electric Flying Wattrel
12%
746 Water Wishiwashi
12%
831 Normal Wooloo
12%
869 Fairy Alcremie
11%
930 Grass Normal Arboliva
11%
1018 Steel Dragon Archaludon
11%
606 Psychic Beheeyem
11%
836 Electric Boltund
11%
962 Flying Dark Bombirdier
11%
427 Normal Buneary
11%
851 Fire Bug Centiskorch
11%
935 Fire Charcadet
11%
441 Normal Flying Chatot
11%
833 Water Chewtle
11%
1004 Dark Fire Chi-Yu
11%
555 Fire Darmanitan
11%
554 Fire Darumaka
11%
825 Bug Psychic Dottler
11%
884 Steel Dragon Duraludon
11%
955 Psychic Flittle
11%
753 Grass Fomantis
11%
996 Dragon Ice Frigibax
11%
676 Normal Furfrou
11%
1020 Fire Dragon Gouging Fire
11%
856 Psychic Hatenna
11%
858 Psychic Fairy Hatterene
11%
857 Psychic Hattrem
11%
876 Psychic Normal Indeedee
11%
991 Ice Water Iron Bundle
11%
950 Rock Klawf
11%
754 Grass Lurantis
11%
619 Fighting Mienfoo
11%
620 Fighting Mienshao
11%
868 Fairy Milcery
11%
877 Electric Dark Morpeko
11%
933 Rock Naclstack
11%
1014 Poison Fighting Okidogi
11%
1025 Poison Ghost Pecharunt
11%
871 Electric Pincurchin
11%
771 Water Pyukumuku
11%
867 Ground Ghost Runerigus
11%
989 Electric Ground Sandy Shocks
11%
895 Fairy Psychic Scream Tail
11%
850 Fire Bug Sizzlipede
11%
684 Fairy Swirlix
11%
1024 Normal Terapagos
11%
828 Dark Thievul
11%
965 Steel Poison Varoom
11%
571 Dark Zoroark
11%
998 Dragon Ice Baxcalibur
9%
986 Grass Dark Brute Bonnet
9%
974 Ice Cetoddle
9%
1002 Dark Ice Chien-Pao
9%
573 Normal Cinccino
9%
852 Fighting Clobbopus
9%
929 Grass Normal Dolliv
9%
977 Water Dondozo
9%
830 Grass Eldegoss
9%
956 Psychic Espathra
9%
1016 Poison Fairy Fezandipiti
9%
926 Fairy Fidough
9%
973 Flying Fighting Flamigo
9%
934 Rock Garganacl
9%
1000 Steel Ghost Gholdengo
9%
999 Ghost Gimmighoul
9%
970 Rock Poison Glimmora
9%
673 Grass Gogoat
9%
829 Grass Gossifleur
9%
853 Fighting Grapploct
9%
971 Ghost Greavard
9%
972 Ghost Houndstone
9%
775 Normal Komala
9%
572 Normal Minccino
9%
827 Dark Nickit
9%
916 Normal Oinkologne
9%
1005 Dragon Dark Roaring Moon
9%
952 Grass Fire Scovillain
9%
773 Normal Silvally
9%
928 Grass Normal Smoliv
9%
931 Normal Flying Squawkabilly
9%
957 Fairy Steel Tinkatink
9%
959 Fairy Steel Tinkaton
9%
1001 Dark Grass Wo-Chien
9%
997 Dragon Ice Arctibax
8%
939 Electric Bellibolt
8%
947 Grass Ghost Brambleghast
8%
946 Grass Ghost Bramblin
8%
950 Grass Capsakid
8%
975 Ice Cetitan
8%
878 Steel Cufant
8%
927 Fairy Dachsbun
8%
969 Rock Poison Glimmet
8%
945 Poison Normal Grafaiai
8%
943 Dark Mabosstiff
8%
942 Dark Maschiff
8%
1015 Poison Psychic Munkidori
8%
968 Steel Orthworm
8%
964 Water Palafin
8%
966 Steel Poison Revavroom
8%
672 Grass Skiddo
8%
978 Dragon Water Tatsugiri
8%
1003 Dark Ground Ting-Lu
8%
958 Fairy Steel Tinkatuff
8%
976 Water Psychic Veluza
8%
879 Steel Copperajah
6%
967 Dragon Normal Cyclizar
6%
870 Fighting Falinks
6%
963 Water Finizen
6%
954 Bug Psychic Rabsca
6%
953 Bug Rellor
6%
944 Poison Normal Shroodle
6%
988 Bug Fighting Slither Wing
6%
938 Electric Tadbulb
6%
925 Normal Maushold
5%
924 Normal Tandemaus
5%
No matching quizzes found
Score Distribution
Percent of People with Each Score
Percentile by Number Answered
Your Score History
You have not taken this quiz